Mysterium salutis: manual de teología como historia de la salvación

Uloženo v:
Podrobná bibliografie
Hlavní autoři: Feiner, Johannes (Autor), Lohrer, Magnus (Autor)
Médium: Kniha
Jazyk:španělština
Vydáno: Madrid Cristianidad 1969
Témata:
Tagy: Přidat tag
Žádné tagy, Buďte první, kdo vytvoří štítek k tomuto záznamu!

MARC

LEADER 00000nam a2200000 a 4500
001 UCI2004
003 CL-VaPUC
008 070727e19690000SP |||||||||||||||||spa|d
020 |a 847057194X 
082 0 4 |a 230  |b FEI  |2 21 
100 0 |a Feiner, Johannes  |e author  |9 522838 
700 0 |a Lohrer, Magnus  |e author  |9 522839 
245 1 0 |a Mysterium salutis: manual de teología como historia de la salvación 
300 |a 933 p 
942 |c BK 
945 |d 20070727 00:00:00  |a jtorresc 
260 |a Madrid  |b Cristianidad  |c 1969 
650 0 |a Biblia  |9 257603 
650 0 |a Hermenéutica  |9 269473 
650 0 |a Salvación  |9 315007 
583 |a last modification  |c 20170907 11:40:50  |k Rodrigo Vera 
999 |c 326669  |d 326667 
952 |0 0  |1 0  |4 0  |6 230_000000000000000_FEI_1969  |7 0  |8 X  |9 408723  |a BIBTEO  |b BIBTEO  |d 2019-11-22  |i 4132416  |o 230 FEI 1969  |p 4132416  |r 2025-01-17  |w 2019-11-22  |y BK_X  |k ICR 
952 |0 0  |1 0  |4 0  |6 230_000000000000000_FEI_1969  |7 0  |8 X  |9 408724  |a BIBTEO  |b BIBTEO  |d 2019-11-22  |i 4132424  |o 230 FEI 1969  |p 4132424  |r 2025-01-17  |w 2019-11-22  |y BK_X  |k ICR